00578cam a2200169 4500001001100000008004100011035001500052050002500067245011800092260003800210300002100248440003700269500001500306504002300321650003000344700003400374BIIH006602 1973 spa  aBIIH006602 4aHD326b.N45 N46 1976 0aNeolatifundismo y explotación de Emiliano Zapata a Anderson Clayton & Co. /cRodolfo Stanvenhagen ... [et al.]. aMéxico :bNuestro Tiempo,c1976 a217 p. ;c20 cm. 4aLos grandes problemas nacionales a1 ejemplar aIncluye apéndice 4aReforma agrariaxMéxico1 aStavenhagen, Rodolfo,ecoaut.